| 000 | 00354nam a2200133Ia 4500 | ||
|---|---|---|---|
| 008 | 220217s9999||||xx |||||||||||||| ||und|| | ||
| 020 | _a81-8404-217-5 | ||
| 082 | _a005.43 TYL | ||
| 100 |
_aTyler, Chris _95589 |
||
| 245 | 0 | _aFedora linux | |
| 260 |
_aShroff publishers and dist.Pvt. _bMumbai _c2006 |
||
| 300 | _b500 | ||
| 650 | _aOperating systems | ||
| 999 |
_c176612 _d176612 |
||